000 00287nam a22001097a 4500
008 170125b xxu||||| |||| 00| 0 eng d
020 _a0838555780
041 _aeng
080 _23RD
_a618.2
245 _aLABORATORY AND DIAGNOSTIC TESTS WITH NURSING IMPLICATIONS
_cKEE,J.L
942 _2udc
_cBK
999 _c3630
_d3630